000 00652nam a2200265Ia 4500
003 OSt
005 20221007111445.0
006 a|||||r|||| 00| 0
007 ta
008 221006b |||||||| |||| 00| 0 eng d
024 _a23,557
037 _cTextual
040 _aLCO
_cLCO
_beng
041 _2eng
_aeng
082 _aX8(A):Z, L0
100 _aYudhisthira
245 0 _aLabour Laws
250 _a6th
260 _aAllahabad
_bAllahabad Law Agency India
_c1970
300 _a976
650 _aLABOUR
700 _a Munshi B.L.
942 _hX8(A):Z, L0
_cTEXL
999 _c1193120
_d1193120